00426nam a2200145Ia 4500008004100000020001500041041001200056082001800068100001800086245005800104260003600162300000800198400002400206650005000230231217s9999 xx 000 0 und d a8176254290 aEnglish a370 RUS;1 R aRuskin, John. 0aProphets of education Vol.3 : on educational theories c2003bSarup and SonsaNew Delhi a208 aA continuing series aProphets,education,Vol.3,educational,theories